Signos y síntomas (Record no. 96036)

MARC details
000 -LEADER
campo de control de longitud fija 00620nam a2200169 i 4500
001 - NÚMERO DE CONTROL
campo de control 96036
003 - IDENTIFICADOR DE NÚMERO DE CONTROL
campo de control ES-MaACL
005 - FECHA Y HORA DE LA ÚLTIMA TRANSACCIÓN
campo de control 20230906181826.0
007 - CAMPO FIJO DE DESCRIPCIÓN FÍSICA--INFORMACIÓN GENERAL
campo de control de longitud fija t|
008 - DATOS DE LONGITUD FIJA--INFORMACIÓN GENERAL
campo de control de longitud fija 050609s1949 sp ||||1| spa d
100 1# - ENTRADA PRINCIPAL--NOMBRE DE PERSONA
Nombre de persona Mac Bryde, Cyril Mitchell.
9 (RLIN) 75003
245 10 - MENCIÓN DEL TÍTULO
Título Signos y síntomas
Resto del título : su interpretación clínica /
Mención de responsabilidad, etc. por Cyril Mitchell Mc Bride; traducido directamente del inglés por el Dr. Victor Martínez-Llinares.
260 ## - PUBLICACIÓN, DISTRIBUCIÓN, ETC.
Lugar de publicación, distribución, etc. Madrid :
Nombre del editor, distribuidor, etc. Espasa-Calpe,
Fecha de publicación, distribución, etc. 1949.
300 ## - DESCRIPCIÓN FÍSICA
Extensión XX, 635 p., lám. col. I-VI :
Otras características físicas il. ;
Dimensiones 23 cm.
700 1# - ENTRADA AGREGADA--NOMBRE PERSONAL
Nombre de persona Martínez-Llinares, Victor.
9 (RLIN) 78183
852 ## - LOCALIZACIÓN
Ubicación ES-MaACL
Número de control de estantería D-7280
Sublocalización o colección R.28473
Holdings
Estatus retirado Estado de pérdida Estado de daño No para préstamo Biblioteca de origen Biblioteca actual Ubicación en estantería Fecha de adquisición Fuente de adquisición Total de préstamos Signatura topográfica completa Código de barras Visto por última vez Precio de reemplazo Tipo de ítem Koha
        Biblioteca del Ateneo de Madrid Biblioteca del Ateneo de Madrid Sala Valle Inclán 17/01/2008     D-7280 901100271 23/02/2023 23/02/2023 Libro impreso